| 000 | 00770nam a2200205Ia 4500 | ||
|---|---|---|---|
| 003 | GCL | ||
| 008 | 140319s9999 xx 000 0 ara d | ||
| 040 |
_aGCL / _cGCL |
||
| 082 | 0 | 4 |
_a328.3 _bع س |
| 100 | 1 | _aعزه وهبى | |
| 245 | 1 | 0 |
_aالسلطة التشريعية فى النظام السياسى المصرى من بعد يوليو 1952 : دراسة تحليلية فى تجربة مجلس الامة / _cعزه وهبى |
| 300 | _a220 ص | ||
| 490 |
_aالهيئة العامة للاستعلامات _v0 |
||
| 650 | 0 | 4 | _aالسياسة |
| 650 | 0 | 4 | _aالسلطة التشريعية |
| 650 | 0 | 4 | _aالهيئات التشريعية |
| 650 | 0 | 4 | _aالسياسات الادارية |
| 650 | 0 | 4 | _aالسلطة التشريعية - مصر |
| 942 |
_2ddc _cBK |
||
| 999 |
_c47993 _d47993 |
||